000 00401nam a2200169Ia 4500
005 20251020182533.0
008 200515s9999 xx 000 0 und d
082 _a712.50/J81
100 _aSEVA SAN MARTIN, Alberto Juan
245 0 _aEl jardín mediterráneo : técnica y arte
260 _aLima
260 _c1987
500 _a1 ejemplar
650 _aJARDINES
650 _aLIB
942 _cLIB
999 _c2141
_d2141